[Event "Edmonton Active inv."]
[Site "Edmonton CAN"]
[Date "2005.05.29"]
[Round "5"]
[White "Gardner, Robert"]
[Black "Dean, Tim"]
[Result "1-0"]
[WhiteElo "2251"]
[BlackElo "1883"]
[PlyCount "63"]
[GameId "2160767910968106"]
[EventDate "2005.05.29"]
[EventType "tourn (rapid)"]
[EventRounds "5"]
[EventCountry "CAN"]
[WhiteTeam "Canada"]
[BlackTeam "Canada"]
[WhiteTeamCountry "CAN"]
[BlackTeamCountry "CAN"]

1. e4 e5 2. Nf3 Nc6 3. d4 exd4 4. Nxd4 Nf6 5. Nxc6 bxc6 6. e5 Qe7 7. Qe2 Nd5 8. c4 Ba6 9. b3 O-O-O 10. Bb2 g5 11. Nd2 Bg7 12. O-O-O Rhe8 13. Qe4 Nf4 14. g3 Ng6 15. f4 Bb7 16. Bg2 gxf4 17. gxf4 Nh4 18. Rhg1 Nxg2 19. Qxg2 Bh8 20. Qf2 c5 21. Nb1 f6 22. Rge1 fxe5 23. Bxe5 Qf7 24. Qxc5 d6 25. Qxa7 dxe5 26. Rxd8+ Rxd8 27. fxe5 Qf4+ 28. Qe3 Bxe5 29. Kc2 Be4+ 30. Qxe4 Qxh2+ 31. Re2 Qh5 32. Qxe5 1-0

[Event "Edmonton April Sect op"]
[Site "Edmonton CAN"]
[Date "2005.04.??"]
[Round "?"]
[White "Pasco, Alvin"]
[Black "Bentley, Bill"]
[Result "1-0"]
[WhiteElo "1767"]
[BlackElo "1767"]
[PlyCount "35"]
[GameId "2160767738377113"]
[EventDate "2005.04.02"]
[EventType "swiss"]
[EventRounds "5"]
[EventCountry "CAN"]
[SourceTitle "EXT 2007"]
[Source "ChessBase"]
[SourceDate "2006.11.23"]
[SourceVersion "1"]
[SourceVersionDate "2006.11.23"]
[SourceQuality "1"]

1. Nf3 Nf6 2. c4 c5 3. g3 g6 4. Bg2 Bg7 5. O-O O-O 6. d4 cxd4 7. Nxd4 Nc6 8. Nc3 a6 9. Nxc6 dxc6 10. e4 e5 11. a3 Be6 12. Qe2 Qc7 13. Be3 Rad8 14. b3 Rfe8 15. Na4 b5 16. cxb5 cxb5 17. Rac1 Qb8 18. Nc3 {..45} 1-0

[Event "Edmonton April Sect op"]
[Site "Edmonton CAN"]
[Date "2005.04.01"]
[Round "1"]
[White "Amundson, Kristofor"]
[Black "Davies, Bob"]
[Result "0-1"]
[WhiteElo "1637"]
[BlackElo "1687"]
[PlyCount "110"]
[GameId "2160767910968839"]
[EventDate "2005.04.02"]
[EventType "swiss"]
[EventRounds "5"]
[EventCountry "CAN"]
[SourceTitle "EXT 2007"]
[Source "ChessBase"]
[SourceDate "2006.11.23"]
[SourceVersion "1"]
[SourceVersionDate "2006.11.23"]
[SourceQuality "1"]

1. d4 Nf6 2. Nf3 g6 3. e3 Bg7 4. Bd3 O-O 5. O-O d6 6. Nbd2 Nc6 7. c3 e5 8. Qc2 Re8 9. Bb5 a6 10. Bc4 d5 11. dxe5 Nxe5 12. Nxe5 Rxe5 13. Nf3 Bf5 14. Qe2 Re7 15. Rd1 c6 16. Bb3 Qc7 17. c4 Be4 18. Ng5 Rd8 19. cxd5 cxd5 20. Bd2 Qe5 21. Nxe4 Nxe4 22. Ba5 Rdd7 23. Rac1 Re8 24. Rc2 d4 25. Bb6 Qb8 26. Ba4 d3 27. Rxd3 Rxd3 28. Qxd3 Re6 29. Bd7 Rd6 30. Qe2 Rxd7 31. f3 Nf6 32. Rc4 Nd5 33. Ba5 Ne7 34. Qc2 Nc6 35. b3 Qe5 36. Bd2 Qb2 37. Qxb2 Bxb2 38. Rc2 Ba3 39. Kf2 Bb4 40. Bc1 Re7 41. e4 Ne5 42. Bh6 Nc6 43. Bg5 Rd7 44. h4 Be7 45. Bxe7 Rxe7 46. Rc5 Re5 47. Rc1 Kf8 48. Rd1 Ke7 49. g4 Rc5 50. Ke3 Rc2 51. a4 Rc3+ 52. Rd3 Rxd3+ 53. Kxd3 a5 54. Ke3 Kd6 55. Kd3 Kc5 0-1

[Event "Edmonton April Sect op"]
[Site "Edmonton CAN"]
[Date "2005.04.01"]
[Round "1"]
[White "Wihnon, Jason"]
[Black "Asquith, Tom"]
[Result "1/2-1/2"]
[WhiteElo "1767"]
[BlackElo "1725"]
[PlyCount "64"]
[GameId "2160767910968840"]
[EventDate "2005.04.02"]
[EventType "swiss"]
[EventRounds "5"]
[EventCountry "CAN"]
[SourceTitle "EXT 2007"]
[Source "ChessBase"]
[SourceDate "2006.11.23"]
[SourceVersion "1"]
[SourceVersionDate "2006.11.23"]
[SourceQuality "1"]

1. d4 e6 2. Nf3 b6 3. e3 Bb7 4. Nbd2 f5 5. b3 Nf6 6. Bd3 d5 7. O-O Bd6 8. Bb2 O-O 9. Ne5 Nbd7 10. f4 c5 11. Ndf3 Rc8 12. Nxd7 Qxd7 13. Ne5 Bxe5 14. fxe5 Ne4 15. Bxe4 fxe4 16. Rxf8+ Rxf8 17. Qe2 Qc6 18. c3 b5 19. Rf1 Rxf1+ 20. Kxf1 cxd4 21. cxd4 b4 22. Ke1 Ba6 23. Qd2 Qb5 24. Kf2 h5 25. Kg3 Qf1 26. h3 Qf8 27. Qc1 Qe7 28. a3 h4+ 29. Kh2 bxa3 30. Bxa3 Qg5 31. Qc6 Qg3+ 32. Kh1 Qe1+ 1/2-1/2

[Event "Edmonton April Sect op"]
[Site "Edmonton CAN"]
[Date "2005.04.03"]
[Round "1"]
[White "Frewin, Steve"]
[Black "Davies, Bob"]
[Result "1-0"]
[WhiteElo "1622"]
[BlackElo "1687"]
[PlyCount "76"]
[GameId "2160767910968841"]
[EventDate "2005.04.02"]
[EventType "swiss"]
[EventRounds "5"]
[EventCountry "CAN"]
[SourceTitle "EXT 2007"]
[Source "ChessBase"]
[SourceDate "2006.11.23"]
[SourceVersion "1"]
[SourceVersionDate "2006.11.23"]
[SourceQuality "1"]

1. e4 d5 2. exd5 Qxd5 3. Nc3 Qd8 4. Bc4 g6 5. d4 Bg7 6. Nf3 Nh6 7. h3 Nf5 8. Ne2 O-O 9. Bf4 Nd6 10. Bb3 Nc6 11. c3 Bf5 12. Ng3 Qd7 13. Ne5 Nxe5 14. Bxe5 Be6 15. Bxg7 Kxg7 16. d5 Bf5 17. Qd4+ Kg8 18. Nxf5 Qxf5 19. Bd1 Qe4+ 20. Qxe4 Nxe4 21. Bc2 Nd6 22. O-O Rfd8 23. Rfe1 Kf8 24. Re2 Nc4 25. b3 Nb6 26. c4 a5 27. Rae1 Re8 28. f4 a4 29. Kf2 axb3 30. Bxb3 Na4 31. Bxa4 Rxa4 32. Rc2 Rea8 33. Ree2 Ra3 34. Rb2 Rc3 35. Rxb7 Rxc4 36. d6 exd6 37. Kg3 d5 38. Kg4 d4 1-0

[Event "Edmonton April Sect op"]
[Site "Edmonton CAN"]
[Date "2005.04.02"]
[Round "2"]
[White "Amundson, Kristofor"]
[Black "Frewin, Steve"]
[Result "1-0"]
[WhiteElo "1637"]
[BlackElo "1622"]
[PlyCount "53"]
[GameId "2160767910968842"]
[EventDate "2005.04.02"]
[EventType "swiss"]
[EventRounds "5"]
[EventCountry "CAN"]
[SourceTitle "EXT 2007"]
[Source "ChessBase"]
[SourceDate "2006.11.23"]
[SourceVersion "1"]
[SourceVersionDate "2006.11.23"]
[SourceQuality "1"]

1. d4 Nf6 2. Nf3 e6 3. Bg5 c5 4. e3 cxd4 5. exd4 Be7 6. Bd3 O-O 7. O-O d5 8. Re1 Nbd7 9. c3 Ne8 10. Bxe7 Qxe7 11. Bc2 g6 12. Qd3 Ng7 13. Nbd2 f5 14. Bb3 Nf6 15. Ne5 Qd8 16. Qh3 Ne4 17. Ndf3 Ng5 18. Qh6 Nxf3+ 19. Nxf3 Qc7 20. Ng5 Nh5 21. Nxe6 Bxe6 22. Rxe6 Rad8 23. Rae1 Rd7 24. Re8 Ng7 25. Bxd5+ Rxd5 26. R1e7 Rd7 27. Qxg7# 1-0

[Event "Edmonton April Sect op"]
[Site "Edmonton CAN"]
[Date "2005.04.02"]
[Round "2"]
[White "Huber, Gregory"]
[Black "Neven, Knut"]
[Result "1/2-1/2"]
[WhiteElo "2221"]
[BlackElo "2203"]
[PlyCount "48"]
[GameId "2160767910968843"]
[EventDate "2005.04.02"]
[EventType "swiss"]
[EventRounds "5"]
[EventCountry "CAN"]
[SourceTitle "EXT 2007"]
[Source "ChessBase"]
[SourceDate "2006.11.23"]
[SourceVersion "1"]
[SourceVersionDate "2006.11.23"]
[SourceQuality "1"]

1. f4 d5 2. b3 Nf6 3. Bb2 c5 4. e3 Nc6 5. Bb5 Qb6 6. a4 a6 7. a5 Qd8 8. Bxc6+ bxc6 9. Nf3 Bg4 10. h3 Bxf3 11. Qxf3 e6 12. d3 Be7 13. Nd2 Rb8 14. O-O Rb4 15. Qe2 Rb7 16. e4 Bd6 17. Qf2 Rb5 18. Kh2 g5 19. g3 g4 20. f5 d4 21. e5 exf5 22. Qxf5 Nd5 23. Rg1 Ne3 24. c4 Kf8 1/2-1/2

[Event "Edmonton April Sect op"]
[Site "Edmonton CAN"]
[Date "2005.04.02"]
[Round "2"]
[White "Ramachandran, Adithya"]
[Black "Davies, Bob"]
[Result "0-1"]
[WhiteElo "1636"]
[BlackElo "1687"]
[PlyCount "60"]
[GameId "2160767910968844"]
[EventDate "2005.04.02"]
[EventType "swiss"]
[EventRounds "5"]
[EventCountry "CAN"]
[SourceTitle "EXT 2007"]
[Source "ChessBase"]
[SourceDate "2006.11.23"]
[SourceVersion "1"]
[SourceVersionDate "2006.11.23"]
[SourceQuality "1"]

1. e4 d5 2. exd5 Qxd5 3. Nc3 Qd8 4. d4 g6 5. Nf3 Bg7 6. Be3 Nh6 7. Be2 Nf5 8. O-O O-O 9. Qd2 c6 10. Rad1 Be6 11. Bf4 Qc8 12. Qc1 Rd8 13. Be5 f6 14. Bf4 Bd5 15. Nxd5 cxd5 16. c4 Kf8 17. cxd5 Nd7 18. Qd2 Nb6 19. Rc1 Qd7 20. Rc7 Qxd5 21. Qb4 Qe4 22. Qd2 Nd5 23. Re1 Qxf4 24. Qxf4 Nxf4 25. Bb5 Nd5 26. Rc2 Rac8 27. Rce2 a6 28. Ba4 Rc7 29. Bb3 Nf4 30. Re4 Nd3 0-1

[Event "Edmonton April Sect op"]
[Site "Edmonton CAN"]
[Date "2005.04.02"]
[Round "2"]
[White "Regimbald, Adrien"]
[Black "Aspler, Gerald"]
[Result "1/2-1/2"]
[WhiteElo "1938"]
[BlackElo "2054"]
[PlyCount "78"]
[GameId "2160767910968845"]
[EventDate "2005.04.02"]
[EventType "swiss"]
[EventRounds "5"]
[EventCountry "CAN"]
[SourceTitle "EXT 2007"]
[Source "ChessBase"]
[SourceDate "2006.11.23"]
[SourceVersion "1"]
[SourceVersionDate "2006.11.23"]
[SourceQuality "1"]

1. d4 Nf6 2. c4 c5 3. d5 b5 4. Nf3 bxc4 5. Nc3 d6 6. e4 Ba6 7. Bxc4 Bxc4 8. Qa4+ Nbd7 9. Qxc4 g6 10. Bf4 Rb8 11. Rb1 Bg7 12. O-O Qa5 13. a3 O-O 14. h3 Rfc8 15. Rfe1 Nh5 16. Bh2 Qc7 17. g4 Nhf6 18. e5 Ne8 19. e6 fxe6 20. Rxe6 Nf8 21. Qe4 Nf6 22. Qe2 Nxe6 23. Qxe6+ Kh8 24. Ng5 h6 25. Nf7+ Kh7 26. g5 Qd7 27. gxf6 Qxe6 28. dxe6 Bxf6 29. Nd5 Bh4 30. Bf4 Rf8 31. b4 cxb4 32. axb4 Rb5 33. Nc3 Rf5 34. Be3 Rf6 35. Nxh6 Bxf2+ 36. Bxf2 Rxf2 37. Ng4 R2f3 38. Ne4 R3f4 39. Nef2 a5 1/2-1/2

[Event "Edmonton April Sect op"]
[Site "Edmonton CAN"]
[Date "2005.04.03"]
[Round "2"]
[White "Frewin, Steve"]
[Black "Beebe, Greg"]
[Result "1-0"]
[WhiteElo "1622"]
[BlackElo "1677"]
[PlyCount "47"]
[GameId "2160767910968846"]
[EventDate "2005.04.02"]
[EventType "swiss"]
[EventRounds "5"]
[EventCountry "CAN"]
[SourceTitle "EXT 2007"]
[Source "ChessBase"]
[SourceDate "2006.11.23"]
[SourceVersion "1"]
[SourceVersionDate "2006.11.23"]
[SourceQuality "1"]

1. e4 c5 2. Nf3 d6 3. d4 cxd4 4. Nxd4 Nf6 5. Nc3 a6 6. Bc4 e6 7. Bb3 Be7 8. f4 Nc6 9. f5 Nxd4 10. Qxd4 exf5 11. exf5 Bxf5 12. Nd5 O-O 13. O-O Nxd5 14. Rxf5 Nf6 15. Bg5 h6 16. Bh4 Rc8 17. Raf1 Rc5 18. R5f3 Qc7 19. c3 d5 20. Rxf6 Bxf6 21. Rxf6 gxf6 22. Qg4+ Kh7 23. Bc2+ f5 24. Bxf5+ 1-0

[Event "Edmonton April Sect op"]
[Site "Edmonton CAN"]
[Date "2005.04.02"]
[Round "3"]
[White "Chapman, James"]
[Black "Asquith, Tom"]
[Result "0-1"]
[WhiteElo "1701"]
[BlackElo "1725"]
[PlyCount "90"]
[GameId "2160767910968847"]
[EventDate "2005.04.02"]
[EventType "swiss"]
[EventRounds "5"]
[EventCountry "CAN"]
[SourceTitle "EXT 2007"]
[Source "ChessBase"]
[SourceDate "2006.11.23"]
[SourceVersion "1"]
[SourceVersionDate "2006.11.23"]
[SourceQuality "1"]

1. e4 c5 2. Nf3 e6 3. d4 cxd4 4. Nxd4 a6 5. f4 Qc7 6. Nc3 b5 7. Bd2 Bc5 8. Nb3 Be7 9. Qg4 g6 10. e5 Bb7 11. Bd3 h5 12. Qg3 h4 13. Qg4 Nh6 14. Qe2 d5 15. O-O-O Nc6 16. g4 Nb4 17. Rhg1 Nxd3+ 18. Qxd3 b4 19. Ne2 a5 20. f5 Ba6 21. Qf3 gxf5 22. Bxh6 fxg4 23. Rxg4 Rxh6 24. Rf1 Kd7 25. Qe3 Rh5 26. Rxf7 Rxe5 27. Rxe7+ Kxe7 28. Rg7+ Kd6 29. Qxe5+ Kxe5 30. Rxc7 Bxe2 31. Rh7 a4 32. Nd2 Rc8 33. Rxh4 d4 34. Re4+ Kd5 35. Rxe2 e5 36. Rg2 d3 37. h4 Rxc2+ 38. Kb1 e4 39. h5 e3 40. Rg5+ Ke6 41. Nf3 Rf2 42. Ne1 Rf1 43. Rg6+ Kd5 44. a3 Rxe1+ 45. Ka2 b3# 0-1

[Event "Edmonton April Sect op"]
[Site "Edmonton CAN"]
[Date "2005.04.02"]
[Round "3"]
[White "Newton, Geoff"]
[Black "Regimbald, Adrien"]
[Result "0-1"]
[WhiteElo "1942"]
[BlackElo "1938"]
[PlyCount "54"]
[GameId "2160767910968848"]
[EventDate "2005.04.02"]
[EventType "swiss"]
[EventRounds "5"]
[EventCountry "CAN"]
[SourceTitle "EXT 2007"]
[Source "ChessBase"]
[SourceDate "2006.11.23"]
[SourceVersion "1"]
[SourceVersionDate "2006.11.23"]
[SourceQuality "1"]

1. d4 e6 2. e4 d5 3. Nc3 Bb4 4. e5 c5 5. a3 Bxc3+ 6. bxc3 Ne7 7. a4 Nbc6 8. Ba3 Qa5 9. Bb5 Qxc3+ 10. Kf1 Qxd4 11. Qxd4 cxd4 12. Nf3 Bd7 13. Ke2 f6 14. exf6 gxf6 15. Bxe7 Kxe7 16. Bxc6 bxc6 17. Nxd4 c5 18. Nb3 Kd6 19. Rhd1 Rhg8 20. g3 Rg4 21. a5 Bb5+ 22. Kf3 Rc4 23. Rd2 Ba4 24. Ra3 Rc3+ 25. Kg2 Bxb3 26. cxb3 Rb8 27. Ra4 Rcxb3 0-1

[Event "Edmonton April Sect op"]
[Site "Edmonton CAN"]
[Date "2005.04.02"]
[Round "3"]
[White "Pasco, Alvin"]
[Black "Pua, Richard"]
[Result "1/2-1/2"]
[WhiteElo "1767"]
[BlackElo "1782"]
[PlyCount "110"]
[GameId "2160767910968849"]
[EventDate "2005.04.02"]
[EventType "swiss"]
[EventRounds "5"]
[EventCountry "CAN"]
[SourceTitle "EXT 2007"]
[Source "ChessBase"]
[SourceDate "2006.11.23"]
[SourceVersion "1"]
[SourceVersionDate "2006.11.23"]
[SourceQuality "1"]

1. Nf3 Nf6 2. c4 c5 3. g3 g6 4. Bg2 Bg7 5. O-O O-O 6. Nc3 Nc6 7. d4 cxd4 8. Nxd4 a6 9. Nxc6 bxc6 10. e4 e5 11. h3 d6 12. Be3 Be6 13. b3 Qd7 14. Kh2 Rad8 15. Qe2 d5 16. Bb6 Rb8 17. cxd5 cxd5 18. exd5 Rxb6 19. dxe6 Rxe6 20. Rfd1 Rd6 21. Rxd6 Qxd6 22. Rd1 Qc5 23. Nd5 Rd8 24. b4 Qa7 25. Nxf6+ Bxf6 26. Rxd8+ Bxd8 27. Qxe5 Bc7 28. Qf6 Qb6 29. Qxb6 Bxb6 30. Bf1 a5 31. bxa5 Bxf2 32. Kg2 Ba7 33. Kf3 f5 34. a6 Kf7 35. Bd3 Kf6 36. a4 h6 37. Bc4 g5 38. Bd5 Ke5 39. Bb7 Bc5 40. Bc8 Ba7 41. Ke2 Ke4 42. Bb7+ Kd4 43. Bc6 Bc5 44. Kd2 Ba7 45. Bd7 f4 46. gxf4 gxf4 47. Ke2 Ke5 48. Kf3 Be3 49. Bc6 Kd6 50. Bb7 Kc7 51. Ke4 Kb8 52. Kf5 Ka7 53. Kg4 Bc1 54. Bf3 Kxa6 55. Kh5 Ka5 1/2-1/2

[Event "Edmonton April Sect op"]
[Site "Edmonton CAN"]
[Date "2005.04.03"]
[Round "4"]
[White "Beebe, Greg"]
[Black "Amundson, Kristofor"]
[Result "1-0"]
[WhiteElo "1677"]
[BlackElo "1637"]
[PlyCount "103"]
[GameId "2160767910968850"]
[EventDate "2005.04.02"]
[EventType "swiss"]
[EventRounds "5"]
[EventCountry "CAN"]
[SourceTitle "EXT 2007"]
[Source "ChessBase"]
[SourceDate "2006.11.23"]
[SourceVersion "1"]
[SourceVersionDate "2006.11.23"]
[SourceQuality "1"]

1. c4 e5 2. g3 Nc6 3. Bg2 Bc5 4. e3 Nf6 5. Nc3 O-O 6. Nge2 d6 7. O-O Bg4 8. a3 a5 9. Kh1 Qd7 10. f3 Bh3 11. d4 Bxg2+ 12. Kxg2 exd4 13. exd4 Bb6 14. Be3 Rfe8 15. Bf2 Qf5 16. Nb5 Re7 17. Qd2 Rae8 18. Rae1 h5 19. h4 Nh7 20. Nec3 g5 21. Nd5 Rxe1 22. Rxe1 Rxe1 23. Qxe1 gxh4 24. gxh4 Qg6+ 25. Kf1 Qd3+ 26. Qe2 Qb1+ 27. Kg2 Qg6+ 28. Kh2 Qg7 29. Nxb6 cxb6 30. Nxd6 f6 31. Qe6+ Kh8 32. Nf7+ Kg8 33. Nd8+ Kf8 34. Nxc6 bxc6 35. Qxc6 Qe7 36. Qe4 Qf7 37. d5 f5 38. Qe6 Qxe6 39. dxe6 Ke7 40. a4 Kxe6 41. Bxb6 Kd6 42. Bxa5 Kc5 43. b3 Nf8 44. Kg3 Ne6 45. Bc3 f4+ 46. Kf2 Nd8 47. Ke2 Nf7 48. Kd3 Nd6 49. Bd2 Nf5 50. Be1 Kd6 51. Ke4 Ne3 52. Bb4+ 1-0

[Event "Edmonton April Sect op"]
[Site "Edmonton CAN"]
[Date "2005.04.03"]
[Round "4"]
[White "Bentley, Bill"]
[Black "Asquith, Tom"]
[Result "0-1"]
[WhiteElo "1767"]
[BlackElo "1725"]
[PlyCount "92"]
[GameId "2160767910968851"]
[EventDate "2005.04.02"]
[EventType "swiss"]
[EventRounds "5"]
[EventCountry "CAN"]
[SourceTitle "EXT 2007"]
[Source "ChessBase"]
[SourceDate "2006.11.23"]
[SourceVersion "1"]
[SourceVersionDate "2006.11.23"]
[SourceQuality "1"]

1. d4 c6 2. c4 Nf6 3. e3 d5 4. Bd3 e6 5. Nf3 dxc4 6. Bxc4 b5 7. Bd3 a6 8. O-O Bb7 9. Qe2 Nbd7 10. Nc3 Bd6 11. e4 e5 12. Bg5 h6 13. Bh4 Qc7 14. dxe5 Bxe5 15. Nxe5 Qxe5 16. Bg3 Qe7 17. Rad1 Ne5 18. Bc2 O-O 19. Kh1 b4 20. Na4 a5 21. Bxe5 Qxe5 22. f4 Qe7 23. Rfe1 Rad8 24. Qc4 Ng4 25. Qe2 Rxd1 26. Rxd1 Nf6 27. e5 Nd5 28. Qe4 g6 29. f5 Qg5 30. fxg6 Ne3 31. gxf7+ Rxf7 32. h4 Nxd1 33. hxg5 Nf2+ 34. Kh2 Nxe4 35. Bxe4 hxg5 36. Nc5 Bc8 37. Bxc6 Re7 38. Bd5+ Kg7 39. e6 Kf6 40. Kg3 Ke5 41. Bb3 Kd4 42. Na4 Bxe6 43. Bxe6 Rxe6 44. Kg4 Re2 45. Kxg5 Rxg2+ 46. Kf5 Kd5 0-1

[Event "Edmonton April Sect op"]
[Site "Edmonton CAN"]
[Date "2005.04.03"]
[Round "4"]
[White "Wihnon, Jason"]
[Black "Pasco, Alvin"]
[Result "0-1"]
[WhiteElo "1767"]
[BlackElo "1767"]
[PlyCount "96"]
[GameId "2160767910968852"]
[EventDate "2005.04.02"]
[EventType "swiss"]
[EventRounds "5"]
[EventCountry "CAN"]
[SourceTitle "EXT 2007"]
[Source "ChessBase"]
[SourceDate "2006.11.23"]
[SourceVersion "1"]
[SourceVersionDate "2006.11.23"]
[SourceQuality "1"]

1. e4 g6 2. Nf3 Bg7 3. d3 c5 4. Nbd2 d6 5. g3 Nf6 6. Bg2 O-O 7. O-O Nc6 8. Re1 Ng4 9. h3 Nge5 10. Nxe5 Nxe5 11. f4 Nc6 12. Nf3 e5 13. c3 f5 14. exf5 Rxf5 15. Ng5 Qc7 16. g4 Rf8 17. Bd5+ Kh8 18. Rf1 h6 19. Ne6 Bxe6 20. Bxe6 Qe7 21. Bd5 Qh4 22. Bg2 exf4 23. Bxf4 Be5 24. Bh2 Bg3 25. Bxg3 Qxg3 26. Rf3 Rxf3 27. Qxf3 Qxf3 28. Bxf3 Ne5 29. Be4 Kg7 30. Kf1 d5 31. Bxd5 Nxd3 32. Rd1 Rf8+ 33. Kg1 Nf4 34. Bg2 Rf7 35. Kh2 Re7 36. Rd2 b6 37. Bc6 Kf6 38. Rf2 Re2 39. Rxe2 Nxe2 40. Bb5 Nf4 41. Ba6 Ke5 42. Kg3 Ke4 43. h4 g5 44. hxg5 hxg5 45. Kf2 Nd3+ 46. Bxd3+ Kxd3 47. Kf3 c4 48. a4 a5 0-1

[Event "Edmonton April Sect op"]
[Site "Edmonton CAN"]
[Date "2005.04.03"]
[Round "5"]
[White "Amundson, Kristofor"]
[Black "Ramachandran, Adithya"]
[Result "0-1"]
[WhiteElo "1637"]
[BlackElo "1636"]
[PlyCount "76"]
[GameId "2160767910968853"]
[EventDate "2005.04.02"]
[EventType "swiss"]
[EventRounds "5"]
[EventCountry "CAN"]
[SourceTitle "EXT 2007"]
[Source "ChessBase"]
[SourceDate "2006.11.23"]
[SourceVersion "1"]
[SourceVersionDate "2006.11.23"]
[SourceQuality "1"]

1. d4 d5 2. Nf3 e6 3. e3 c5 4. c3 Nf6 5. Bd3 Be7 6. Nbd2 O-O 7. O-O Re8 8. e4 dxe4 9. Nxe4 Nbd7 10. Qe2 Nxe4 11. Qxe4 Nf6 12. Qh4 g6 13. Bg5 cxd4 14. cxd4 Nh5 15. Rfe1 f6 16. Bh6 Bf8 17. Bxf8 Rxf8 18. Bc4 Re8 19. Rad1 Kh8 20. Qe4 Ng7 21. b3 Qb6 22. Qf4 Nh5 23. Qe4 Bd7 24. Qg4 Qd6 25. Nh4 Kg7 26. Qe4 Bc6 27. Qg4 Qf4 28. Bxe6 Rxe6 29. Qxe6 Qxh4 30. d5 Re8 31. Qd6 Rxe1+ 32. Rxe1 Bb5 33. Qc7+ Kh6 34. Qxb7 a6 35. a4 Qb4 36. Rb1 Qe4 37. Rd1 Nf4 38. f3 Qe2 0-1

[Event "Edmonton April Sect op"]
[Site "Edmonton CAN"]
[Date "2005.04.03"]
[Round "5"]
[White "Asquith, Tom"]
[Black "Pua, Richard"]
[Result "0-1"]
[WhiteElo "1725"]
[BlackElo "1789"]
[PlyCount "64"]
[GameId "2160767910968854"]
[EventDate "2005.04.02"]
[EventType "swiss"]
[EventRounds "5"]
[EventCountry "CAN"]
[SourceTitle "EXT 2007"]
[Source "ChessBase"]
[SourceDate "2006.11.23"]
[SourceVersion "1"]
[SourceVersionDate "2006.11.23"]
[SourceQuality "1"]

1. d4 Nf6 2. Nf3 b6 3. c4 e6 4. a3 Bb7 5. Nc3 d5 6. Bg5 Be7 7. e3 O-O 8. Be2 c5 9. dxc5 bxc5 10. O-O Nbd7 11. Qc2 Rc8 12. Rfd1 Qb6 13. Rab1 Rfd8 14. h3 h6 15. Bh4 dxc4 16. Bxc4 Bxf3 17. gxf3 Ne5 18. Qe2 Nxc4 19. Qxc4 Rxd1+ 20. Nxd1 Qc6 21. e4 g5 22. Bg3 Nh5 23. Ne3 Nxg3 24. fxg3 Bf6 25. Ng4 Bd4+ 26. Kg2 h5 27. Nf2 Bxf2 28. Kxf2 Qd6 29. Qc1 Qd4+ 30. Ke2 f6 31. Qc3 Rb8 32. Rd1 Rxb2+ 0-1

[Event "Edmonton April Sect op"]
[Site "Edmonton CAN"]
[Date "2005.04.03"]
[Round "5"]
[White "Caughlin, Wade"]
[Black "Blum, Roger"]
[Result "1/2-1/2"]
[WhiteElo "1551"]
[BlackElo "1605"]
[PlyCount "89"]
[GameId "2160767910968855"]
[EventDate "2005.04.02"]
[EventType "swiss"]
[EventRounds "5"]
[EventCountry "CAN"]
[SourceTitle "EXT 2007"]
[Source "ChessBase"]
[SourceDate "2006.11.23"]
[SourceVersion "1"]
[SourceVersionDate "2006.11.23"]
[SourceQuality "1"]

1. e4 c5 2. Nf3 Nc6 3. Bb5 g6 4. c3 Bg7 5. Bxc6 bxc6 6. O-O Nf6 7. d3 O-O 8. Re1 Qc7 9. Be3 d6 10. h3 e5 11. Nbd2 Ba6 12. Qc2 Rad8 13. d4 cxd4 14. cxd4 exd4 15. Bxd4 Rfe8 16. Rad1 Bb7 17. b4 Rc8 18. Qb2 Qe7 19. Re2 c5 20. bxc5 dxc5 21. Bxf6 Bxf6 22. e5 Bg7 23. Rde1 Bd5 24. Nh2 h5 25. Qc2 Qc7 26. f4 Qa5 27. Nc4 Bxc4 28. Qxc4 Rcd8 29. Nf3 Qb4 30. Rc1 Rd1+ 31. Kh2 Rxc1 32. Qxc1 Bh6 33. g3 Rd8 34. Rd2 Rxd2+ 35. Qxd2 Qxd2+ 36. Nxd2 Kf8 37. Kg2 Ke7 38. Kf3 Ke6 39. Ke4 Bf8 40. Nc4 Be7 41. a4 Bd8 42. g4 hxg4 43. hxg4 f5+ 44. exf6 Bxf6 45. f5+ 1/2-1/2

[Event "Edmonton April Sect-A"]
[Site "Edmonton CAN"]
[Date "2005.04.01"]
[Round "1"]
[White "Huber, Gregory"]
[Black "Sasata, Robert"]
[Result "0-1"]
[WhiteElo "2221"]
[BlackElo "2226"]
[PlyCount "96"]
[GameId "2160767910968861"]
[EventDate "2005.04.01"]
[EventType "tourn"]
[EventRounds "5"]
[EventCountry "CAN"]
[SourceTitle "EXT 2006"]
[Source "ChessBase"]
[SourceDate "2005.11.24"]
[SourceVersion "1"]
[SourceVersionDate "2005.11.24"]
[SourceQuality "1"]

1. e4 c5 2. Nf3 d6 3. d4 cxd4 4. Nxd4 Nf6 5. Nc3 g6 6. g3 Bg4 7. f3 Bd7 8. Be3 Bg7 9. Qd2 Nc6 10. O-O-O O-O 11. h4 h5 12. Be2 Rc8 13. Rdg1 d5 14. Nxc6 Bxc6 15. e5 Nd7 16. e6 fxe6 17. Bh6 Rf7 18. g4 Qf8 19. Bxg7 Rxg7 20. gxh5 gxh5 21. Qe3 Qf6 22. Rxg7+ Kxg7 23. Rg1+ Kf7 24. f4 Rh8 25. Qg3 Qh6 26. Bd3 e5 27. Bg6+ Kf8 28. Kb1 Qxf4 29. Qh3 Rg8 30. a3 Nf6 31. Qc8+ Kg7 32. Qe6 Kh6 33. Ne2 Qf2 34. Qf7 Be8 35. Qxe7 Bxg6 36. Qxe5 Bxc2+ 37. Ka2 Rxg1 38. Nxg1 Bb1+ 39. Kxb1 Qxg1+ 40. Ka2 Qf2 41. Qe7 Qxh4 42. Qxb7 Qc4+ 43. Ka1 d4 44. Qxa7 Qd5 45. Qb8 d3 46. Qf4+ Qg5 47. Qd6 d2 48. Kb1 Qf5+ 0-1

[Event "Edmonton April Sect-A"]
[Site "Edmonton CAN"]
[Date "2005.04.01"]
[Round "1"]
[White "Neven, Knut"]
[Black "Yoos, John"]
[Result "0-1"]
[WhiteElo "2203"]
[BlackElo "2377"]
[PlyCount "104"]
[GameId "2160767910968862"]
[EventDate "2005.04.01"]
[EventType "tourn"]
[EventRounds "5"]
[EventCountry "CAN"]
[SourceTitle "EXT 2006"]
[Source "ChessBase"]
[SourceDate "2005.11.24"]
[SourceVersion "1"]
[SourceVersionDate "2005.11.24"]
[SourceQuality "1"]

1. d4 Nf6 2. c4 e6 3. Nf3 Nc6 4. Nc3 Bb4 5. Qc2 d6 6. a3 Bxc3+ 7. Qxc3 a5 8. g3 a4 9. Bg2 O-O 10. O-O Qe7 11. Bg5 e5 12. d5 Na5 13. Nd2 h6 14. Bxf6 Qxf6 15. f4 Re8 16. f5 b6 17. Rac1 h5 18. Qe3 Kh7 19. g4 hxg4 20. h3 g3 21. Qxg3 Rh8 22. Ne4 Qh6 23. f6 g6 24. Ng5+ Kg8 25. Ne6 Bd7 26. Rc3 Re8 27. Be4 Bxe6 28. dxe6 Rxe6 29. Bd5 Re8 30. Qg4 Rd8 31. Rg3 Kf8 32. c5 dxc5 33. Qe4 Qh4 34. Qxe5 Qd4+ 35. Qxd4 cxd4 36. Ba2 Rh5 37. Rd3 c5 38. Rf4 Re8 39. Kf2 Rhe5 40. Rd2 Re3 41. h4 Nb3 42. Bxb3 axb3 43. h5 gxh5 44. Rf5 R8e5 45. Rxe5 Rxe5 46. Rd3 Re3 47. Rd1 Re6 48. Rd3 Re3 49. Rd1 Ke8 50. Rh1 Re5 51. Rh3 c4 52. Ke1 d3 0-1